| 000 | 00844nam a2200289 a 4500 | ||
|---|---|---|---|
| 003 | AR-BaBNM | ||
| 005 | 20251128210020.0 | ||
| 008 | 082120s2002 ||||||||||||||000 | spa|| | ||
| 020 | _a956-13-1108-9 | ||
| 040 | _cAR-BaBNM | ||
| 100 | 1 | _aGoethe, Johann Wolfgang von | |
| 245 | 0 | 0 | _aFausto |
| 250 | _a3ª ed. | ||
| 260 |
_aSantiago de Chile _bEditorial Andrés Bello _c1995 |
||
| 300 |
_a92 p. _bil. |
||
| 490 | 0 |
_aCuentos y novelas infantiles y juveniles _vv. 11 |
|
| 500 | _aLa presente es una adaptación de la obra de Johann Wolfgang von Goethe | ||
| 650 | 4 | _aLITERATURA ALEMANA | |
| 650 | 4 | _aFILOSOFIA LITERARIA | |
| 650 | 4 | _aTEATRO INFANTIL | |
| 653 | _aINFLUENCIA GRECOLATINA | ||
| 653 | _aADAPTACIONES LITERARIAS | ||
| 655 | _aLITERATURA | ||
| 700 | 1 |
_aJullian, Andrés _eilustrador |
|
| 942 | _cBK | ||
| 998 | _cMARTIN | ||
| 999 |
_c13713 _d13713 |
||